000 01910nam0a2200373 4500
001 RU\NLR\bibl\209754
005 20260407103253.0
010 _a5-86111-175-8
_9200
021 _aRU
_b2001-31569
_91507
035 _a(NLR Aleph) 000205977
090 _a1194735
_c1194735
100 _a20011205d2001 |||y0rusy50 ca
101 0 _arus
_abak
102 _aRU
105 _ay |||||||||
200 1 _aИзучение родных языков, культуры и истории Башкортостана в образовательных учреждениях республики
_eСб. материалов
_fМ-во образования Рос. Федерации, Стерлитамак. гос. пед. ин-т
_g[Редкол.: к.филол.н., доц. З.М. Дударева (отв. ред.) и др.]
210 _aСтерлитамак
_cСГПИ
_d2001
215 _a256 с.
_d20
300 _aТекст на рус. и башк. яз.
320 _aБиблиогр. в конце ст.
606 1 _aОбразование
_jСборники
_yБашкортостан, Республика
_92302221
_3RU\NLR\AUTH\661378276
606 _aНародное образование
_jСборники
_yБашкортостан, Республика
_92082253
_3RU\NLR\auth\661258272
606 0 _aЯзыковая политика
_jСборники
_yБашкирская АССР
_92001244
_3RU\NLR\auth\661204757
686 1 _aЧ34(2Р-6Баш)
686 1 _aШ121(2=Баш)я43
702 1 _aДударева
_bЗ. М.
_4340
711 0 2 _aСтерлитамакский государственный педагогический институт
_3RU\NLR\AUTH\889931982
_9359320
801 0 _aRU
_bNLR
_c20011205
_gPSBO
801 1 _aRU
_bNLR
_c20011205
852 _aNLR
_bОНЛ
_jБашк./2-4194
942 _cBOOK
980 _aNB